00318nam a2200109Ia 4500008004100000040001700041041001200058082001600070245007200086260004000158300001000198230917s9999||||xx |||||||||||||| ||und|| e184394aMAIN aEnglish a34:331 E71E 4aThe employees provident funds and miscellaneous provision act, 1952 aAllahabadbCentral law Agencyc1990 a42 p.